000 00690nam a2200229 a 4500
001 14170
003 BD-JhCC
005 20250205131440.0
008 250204b2002 n a|||| ||a| 001 0 eng d
020 _a0471034665
035 _a(BD-JhCC)14170
040 _aBD-JhCC
_dBD-JhCC
041 _aEnglish
082 _a004.1
_bTHO 2002
100 _a Thomas,Stephen A.
245 _aIP switching and routing essentials :
_b understanding RIP, OSPF, BGP, MPLS, CR-LDP, and RSVP-TE /
_cStephen A. Thomas.
260 _aNew York:
_bWiley;
_c2002.
300 _aix, 358 p. :
_bill;
_c24 cm.
651 _aComputer network protocols
_zRouters (Computer networks)
942 _2ddc
_cBK
999 _c14170
_d14170